00942nam a2200265 a 450000100060000000300080000600500170001400800410003103500190007204000270009104100080011808200250012610000380015124500900018925000120027926000540029130000310034535000090037650400410038565000320042665000330045894200120049199900170050395201560052056612BD-RjUL20211209080421.0161203r19671922enk b 001 0 eng  a(BD-RjUL)56736 aDLCcDLCdBD-RjULbeng aeng00a330.01223bBOP 19671 aBonar, James,d1852-1941.916839810aPhilosophy and political economy in some of their historical relations /cJames Bonar a3rd ed. aLondon :bHumanities P.,c1922 [Impression 1967]. a[5], v-xvi, 410 p.c23 cm. a60/- aIncludes bibliographical references. 0aEconomicsxHistory.9168399 0aPhilosophyxHistory.9168400 2ddccBK c56612d56612 00102ddc40718NFICaRUCLbRUCLcReadingd1973-02-10eEuro Bangladesh New Agencyg66.00l0o330.01 BOP 1967r2016-12-03 00:00:00tC-1w2016-12-03yBK